<?xml version="1.0" encoding="UTF-8"?>
<record
    xmlns:xsi="http://www.w3.org/2001/XMLSchema-instance"
    xsi:schemaLocation="http://www.loc.gov/MARC21/slim http://www.loc.gov/standards/marcxml/schema/MARC21slim.xsd"
    xmlns="http://www.loc.gov/MARC21/slim">

  <leader>00577nam a2200181   4500</leader>
  <controlfield tag="001">208</controlfield>
  <controlfield tag="005">20181127160842.0</controlfield>
  <datafield tag="020" ind1="0" ind2="0">
    <subfield code="a">9780070660199</subfield>
  </datafield>
  <datafield tag="090" ind1="0" ind2="0">
    <subfield code="a">658 W4199m 2008</subfield>
  </datafield>
  <datafield tag="100" ind1="0" ind2="0">
    <subfield code="a">Weihrich, Heinz.</subfield>
  </datafield>
  <datafield tag="245" ind1="0" ind2="0">
    <subfield code="a">Management: </subfield>
    <subfield code="b">a global and entrepreneurial perspective / </subfield>
    <subfield code="c">Heinz Weihrich, Mark V. Cannice, Harold Koontz</subfield>
    <subfield code="h"></subfield>
  </datafield>
  <datafield tag="250" ind1="0" ind2="0">
    <subfield code="a">12th ed.</subfield>
  </datafield>
  <datafield tag="260" ind1="0" ind2="0">
    <subfield code="a">New Delhi :</subfield>
    <subfield code="b">Tata McGraw-Hill,</subfield>
    <subfield code="c">2008.</subfield>
  </datafield>
  <datafield tag="300" ind1="0" ind2="0">
    <subfield code="a">xxxvii, 527 p.</subfield>
  </datafield>
  <datafield tag="650" ind1="0" ind2="0">
    <subfield code="a">Management. </subfield>
    <subfield code="x"></subfield>
  </datafield>
  <datafield tag="700" ind1=" " ind2=" ">
    <subfield code="a">Cannice, Mark V.</subfield>
    <subfield code="b"></subfield>
    <subfield code="c"></subfield>
    <subfield code="d"></subfield>
    <subfield code="e"></subfield>
    <subfield code="k"></subfield>
    <subfield code="l"></subfield>
    <subfield code="m"></subfield>
    <subfield code="n"></subfield>
    <subfield code="o"></subfield>
    <subfield code="p"></subfield>
    <subfield code="q"></subfield>
    <subfield code="r"></subfield>
    <subfield code="s"></subfield>
    <subfield code="t"></subfield>
  </datafield>
  <datafield tag="700" ind1=" " ind2=" ">
    <subfield code="a">Koontz, Harold.</subfield>
    <subfield code="b"></subfield>
    <subfield code="c"></subfield>
    <subfield code="d"></subfield>
    <subfield code="e"></subfield>
    <subfield code="k"></subfield>
    <subfield code="l"></subfield>
    <subfield code="m"></subfield>
    <subfield code="n"></subfield>
    <subfield code="o"></subfield>
    <subfield code="p"></subfield>
    <subfield code="q"></subfield>
    <subfield code="r"></subfield>
    <subfield code="s"></subfield>
    <subfield code="t"></subfield>
  </datafield>
  <datafield tag="999" ind1=" " ind2=" ">
    <subfield code="c">188</subfield>
    <subfield code="d">188</subfield>
  </datafield>
  <datafield tag="952" ind1=" " ind2=" ">
    <subfield code="0">0</subfield>
    <subfield code="1">0</subfield>
    <subfield code="2">ddc</subfield>
    <subfield code="4">0</subfield>
    <subfield code="7">0</subfield>
    <subfield code="8">MAIN</subfield>
    <subfield code="a">RTCLIB</subfield>
    <subfield code="b">RTCLIB</subfield>
    <subfield code="c">MAIN</subfield>
    <subfield code="d">2022-02-28</subfield>
    <subfield code="g">348.00</subfield>
    <subfield code="h"> </subfield>
    <subfield code="i">86</subfield>
    <subfield code="o">658 WEI</subfield>
    <subfield code="p">30001950</subfield>
    <subfield code="r">2018-11-27 00:00:00</subfield>
    <subfield code="t">1</subfield>
    <subfield code="w">2018-11-27</subfield>
    <subfield code="y">MAIN</subfield>
  </datafield>
  <datafield tag="952" ind1=" " ind2=" ">
    <subfield code="0">0</subfield>
    <subfield code="1">0</subfield>
    <subfield code="2">ddc</subfield>
    <subfield code="4">0</subfield>
    <subfield code="7">0</subfield>
    <subfield code="8">MAIN</subfield>
    <subfield code="a">RTCLIB</subfield>
    <subfield code="b">RTCLIB</subfield>
    <subfield code="c">MAIN</subfield>
    <subfield code="d">2022-02-28</subfield>
    <subfield code="g">348.00</subfield>
    <subfield code="h"> </subfield>
    <subfield code="i">88</subfield>
    <subfield code="o">658  WEI</subfield>
    <subfield code="p">30000663</subfield>
    <subfield code="r">2018-11-27 00:00:00</subfield>
    <subfield code="t">4</subfield>
    <subfield code="w">2018-11-27</subfield>
    <subfield code="y">MAIN</subfield>
  </datafield>
  <datafield tag="952" ind1=" " ind2=" ">
    <subfield code="0">0</subfield>
    <subfield code="1">0</subfield>
    <subfield code="2">ddc</subfield>
    <subfield code="4">0</subfield>
    <subfield code="7">0</subfield>
    <subfield code="8">MAIN</subfield>
    <subfield code="a">RTCLIB</subfield>
    <subfield code="b">RTCLIB</subfield>
    <subfield code="c">MAIN</subfield>
    <subfield code="d">2022-02-28</subfield>
    <subfield code="g">348.00</subfield>
    <subfield code="h"> </subfield>
    <subfield code="i">89</subfield>
    <subfield code="l">1</subfield>
    <subfield code="o">658  WEI</subfield>
    <subfield code="p">30002664</subfield>
    <subfield code="r">2022-04-11 00:00:00</subfield>
    <subfield code="s">2022-03-29</subfield>
    <subfield code="t">1</subfield>
    <subfield code="w">2018-11-27</subfield>
    <subfield code="y">MAIN</subfield>
  </datafield>
  <datafield tag="952" ind1=" " ind2=" ">
    <subfield code="0">0</subfield>
    <subfield code="1">0</subfield>
    <subfield code="2">ddc</subfield>
    <subfield code="4">0</subfield>
    <subfield code="7">0</subfield>
    <subfield code="8">MAIN</subfield>
    <subfield code="a">RTCLIB</subfield>
    <subfield code="b">RTCLIB</subfield>
    <subfield code="c">MAIN</subfield>
    <subfield code="d">2022-02-28</subfield>
    <subfield code="g">348.00</subfield>
    <subfield code="h"> </subfield>
    <subfield code="i">87</subfield>
    <subfield code="o">658  WEI</subfield>
    <subfield code="p">30000633</subfield>
    <subfield code="r">2018-11-27 00:00:00</subfield>
    <subfield code="t">2</subfield>
    <subfield code="w">2018-11-27</subfield>
    <subfield code="y">MAIN</subfield>
  </datafield>
</record>
